Verbos más usados en español - Extremo - Estadísticas

Estadísticas generales
  • Esta prueba ha sido intentada 6.149 veces
  • La puntuación promedio es 57 de 200
Estadísticas de respuestas
# Verbo % Correcto
79 Comer
92%
1 Ser
87%
2 Estar
82%
9 Ver
80%
160 Beber
78%
8 Ir
77%
5 Hacer
76%
65 Correr
75%
20 Hablar
71%
131 Dormir
70%
39 Escribir
69%
70 Jugar
66%
4 Tener
64%
51 Leer
61%
145 Cantar
59%
55 Oír
59%
31 Vivir
58%
100 Andar
57%
178 Coger
57%
161 Amar
55%
12 Querer
55%
63 Estudiar
53%
59 Morir
52%
184 Bailar
51%
3 Haber
51%
7 Decir
50%
17 Parecer
50%
143 Saltar
50%
62 Tocar
50%
82 Comprar
49%
10 Dar
49%
16 Poner
49%
38 Trabajar
49%
133 Conducir
48%
163 Reír
48%
32 Sentir
48%
30 Tomar
48%
105 Bajar
47%
27 Pensar
47%
83 Subir
47%
28 Salir
46%
159 Llorar
45%
11 Saber
45%
181 Nadar
44%
40 Perder
44%
26 Venir
44%
56 Ganar
43%
54 Abrir
42%
157 Volar
42%
86 Cerrar
40%
169 Limpiar
40%
121 Tirar
40%
72 Levantar
39%
103 Matar
39%
170 Soñar
39%
74 Usar
39%
98 Vender
39%
37 Entrar
38%
171 Gritar
38%
117 Sentar
38%
125 Viajar
38%
158 Pegar
37%
6 Poder
37%
29 Volver
37%
146 Pintar
36%
25 Llamar
35%
35 Buscar
34%
14 Pasar
34%
108 Romper
34%
69 Gustar
33%
52 Caer
32%
80 Mover
32%
67 Pagar
32%
81 Aprender
31%
107 Cortar
31%
24 Encontrar
31%
21 Llevar
31%
64 Nacer
31%
140 Parar
31%
42 Pedir
31%
49 Sacar
31%
152 Vestir
31%
22 Dejar
30%
13 Llegar
30%
19 Creer
29%
33 Empezar
29%
43 Recibir
29%
162 Robar
29%
119 Despertar
28%
112 Quitar
28%
106 Meter
27%
97 Enseñar
26%
18 Quedar
26%
23 Seguir
26%
189 Callar
25%
53 Cambiar
25%
199 Sonreír
25%
154 Arreglar
24%
45 Terminar
24%
57 Traer
24%
34 Esperar
23%
99 Mandar
23%
192 Mentir
23%
149 Descansar
22%
193 Fumar
22%
104 Guardar
22%
77 Olvidar
22%
61 Preguntar
22%
68 Ayudar
21%
144 Casar
21%
102 Crecer
21%
185 Curar
21%
15 Deber
21%
41 Entender
21%
73 Intentar
21%
182 Llover
21%
44 Recordar
21%
156 Girar
20%
179 Pasear
20%
180 Doler
19%
87 Echar
19%
197 Calentar
18%
148 Ordenar
18%
167 Regalar
18%
88 Responder
18%
48 Servir
18%
66 Utilizar
18%
47 Conseguir
17%
129 Cuidar
17%
92 Elegir
17%
165 Quemar
17%
135 Unir
17%
177 Borrar
16%
58 Partir
16%
166 Gastar
15%
109 Lanzar
15%
141 Luchar
15%
50 Necesitar
15%
127 Visitar
15%
136 Llenar
14%
123 Prestar
14%
188 Atar
13%
96 Desear
13%
132 Discutir
13%
176 Esconder
13%
60 Explicar
13%
124 Pesar
13%
93 Preparar
13%
89 Sufrir
13%
186 Tapar
13%
198 Cansar
12%
75 Decidir
12%
36 Existir
12%
174 Perdonar
12%
194 Secar
12%
200 Ahorrar
11%
110 Costar
11%
95 Faltar
11%
137 Medir
11%
150 Molestar
11%
78 Valer
11%
114 Compartir
10%
134 Firmar
10%
128 Informar
10%
139 Invitar
10%
46 Permitir
10%
91 Soler
10%
115 Cubrir
9%
187 Disparar
9%
191 Divertir
9%
195 Imprimir
9%
175 Investigar
9%
168 Quejar
9%
76 Repetir
9%
116 Caber
8%
118 Cruzar
8%
126 Durar
8%
183 Educar
8%
196 Guiar
8%
151 Practicar
8%
155 Añadir
7%
90 Importar
7%
111 Obligar
7%
71 Ofrecer
7%
190 Castigar
6%
138 Comunicar
6%
120 Escapar
6%
84 Evitar
6%
164 Mezclar
6%
147 Repartir
6%
142 Comparar
5%
85 Interesar
5%
153 Sorprender
5%
172 Traducir
5%
173 Acostumbrar
4%
101 Preferir
4%
122 Preocupar
4%
130 Comprobar
3%
113 Depender
2%
94 Significar
2%
No se encontraron pruebas coincidentes
Distribución de puntuación
Porcentaje de gente con cada puntuación
Porcentaje por número respondido
Historial de tus puntuaciones
No has intentado esta prueba.